| 000 | 01498cam a2200349 a 4500 | ||
|---|---|---|---|
| 001 | 24181 | ||
| 003 | BD-RjUL | ||
| 005 | 20211209001022.0 | ||
| 008 | 140312r19721965flu b 001 0 eng | ||
| 020 | _a0870241281 (v. 2) | ||
| 035 | _a(BD-RjUL)24247 | ||
| 035 | _a2474500 | ||
| 040 |
_aLC _beng _cLC _dBD-RjUL |
||
| 041 | 1 | _aengger | |
| 082 | 0 | 4 |
_a320.943 _bRIS |
| 100 | 1 |
_aRitter, Gerhard, _d1888-1967. _974468 |
|
| 245 | 1 | 4 |
_aThe sword and the scepter : _bthe problem of militarism in Germany / _cby Gerhard Ritter, translated from the German by Heinz Norden. _nVolume II _pThe European powers and the Wilhelminian Empire 1890-1914 |
| 260 |
_aCoral Gables, Fla. : _bUniversity of Miami Press, _c1965 [printing 1972] |
||
| 300 |
_avi, 328 p. ; _c25 cm. |
||
| 500 | _aTranslation of Staatskunst und Kriegshandwerk. | ||
| 504 | _aIncludes bibliographical references and indexes. | ||
| 505 | 0 | _av. 1. The Prussian tradition, 1740-1890 -- v. 2. The European powers and the Wilhelminian empire, 1890-1914 -- v. 3. The tragedy of statesmanship : Bethmann Hollweg as War Chancellor, 1914-1917 --v. 4. The reign of German militarism and the disaster of 1918. | |
| 650 | 0 |
_aMilitarism _zGermany. _974469 |
|
| 650 | 0 |
_aPolitics and war. _974470 |
|
| 651 | 0 |
_aGermany _xPolitics and government. _974493 |
|
| 651 | 0 |
_aGermany _xHistory, Military. _918190 |
|
| 942 |
_2ddc _cBK |
||
| 999 |
_c24181 _d24181 |
||